Estatísticas para Os 15 principais países com mortes por Covid19 - 8 de maio

Clique aqui para jogar o quiz

Estatísticas Gerais

  • Esse quiz foi jogado 3 vezes
  • A pontuação média é 16 de 21

Estatísticas das Respostas

país% Correto
Brasil
100%
China
100%
Espanha
100%
Estados Unidos
100%
França
100%
Itália
100%
Portugal
100%
Reino Unido
100%
Suíça
100%
Turquia
100%
Alemanha
67%
Bélgica
67%
Canadá
67%
Dinamarca
67%
Irão
67%
México
67%
Países Baixos
67%
Irlanda
33%
Suécia
33%
Suécia
33%
Equador
0%

Distribuição das Pontuações

Percentil de Números Respondidos

Porcentagem de Pessoas com Cada Pontuação

Sua Pontuação Histórica

Você não jogou esse quiz